|
|
|
|
| LEADER |
00817nam a2200217 a 4500 |
| 001 |
GR-MES5276 |
| 008 |
991111s1995 wau 000 b eng d |
| 020 |
|
|
|a 081570948X
|
| 040 |
|
|
|a GrPaTEI
|b gre
|c GR-PaULI
|
| 245 |
0 |
0 |
|a Ownership and control :
|b rethinking corporate governance for the twenty-first century.
|
| 260 |
|
|
|a Washington :
|b the brookings institution,
|c 1995
|
| 300 |
|
|
|a vii,371σ.
|
| 650 |
|
4 |
|a Δίκαιο
|
| 650 |
|
4 |
|a ΗΠΑ
|
| 650 |
|
4 |
|a Μάνατζμεντ
|
| 700 |
1 |
|
|a Blair, M.
|
| 710 |
0 |
|
|a the brookings institution
|
| 942 |
|
|
|2 ddc
|
| 952 |
|
|
|0 0
|1 0
|2 ddc
|4 0
|6 658_400000000000000_BLA
|7 0
|9 275842
|a MSLG
|b MSLG
|c BSC
|d 2021-01-17
|e 24
|f 0
|g 0.00
|l 0
|o 658.4 BLA
|p 2420000014742
|r 2021-01-17 00:00:00
|t 1
|w 2021-01-17
|y BK15
|x 19991111 0 1
|x GrPaTEI
|
| 971 |
|
|
|a .b25837436
|b 15-04-20
|c 14-09-16
|
| 999 |
|
|
|c 159896
|d 159896
|